000 00589nam a22001817a 4500
999 _c190677
_d190677
005 20220802144207.0
010 _aENG-134165
020 _a9789386250667
_c899.00
035 _aEN-117697
037 _bDBAB/PUB
082 _a480.1
245 _aGood Word Guide/
_cEdited by Martin H. Manser
250 _aSeventh Edition
260 _aNew Delhi
_bBloomsbury Publising India Pvt. Ltd
_c2017
270 _aSecond Floor, Building No. 4 DDA Complex LSC Pocket C-6 & 7 Vasant Kunj
_bNew Delhi
_e110070
300 _axvii, 460p.
_c20cm(pbk)
942 _2ddc
_cEN
_h480.1
_mGOO